| 000 | 04510nas1a22004451i 4500 | ||
|---|---|---|---|
| 001 | RU\NLR\Per\722936 | ||
| 005 | 20260408022114.0 | ||
| 011 | 0 |
_a2587-6554 _bOnline |
|
| 011 |
_a2219-4061 _bPrint |
||
| 035 | _a(NLR Aleph) 002970005 | ||
| 090 |
_a4055133 _c4055133 |
||
| 100 | _a20101125a20109999|||y0rusy50 ca | ||
| 101 | 0 | _arus | |
| 102 | _aRU | ||
| 110 | _aah||||||||| | ||
| 200 | 1 |
_aРоссийский вестник детской хирургии, анестезиологии и реаниматологии _dRossijskiy vestnik detskoi khirurgii, anesteziologii i reanimatologii _dThe Russian bulletin of children's surgery, anesthesiology and resuscitation _eежеквартальный научно-практический журнал _eофициальное издание общероссийской общественной организации "Российская ассоциация детских хирургов" _zint _zeng |
|
| 207 | 0 | _a2010, № 1 - | |
| 210 |
_aМосква _cРоссийская ассоциация детских хирургов _d2010 - |
||
| 510 | 1 |
_aRussian journal of pediatric surgery, anesthesia and intensive care _zeng |
|
| 510 | 1 |
_aRossijskiy vestnik detskoi khirurgii, anesteziologii i reanimatologii _zint |
|
| 510 | 1 |
_aThe Russian bulletin of children's surgery, anesthesiology and resuscitation _zeng |
|
| 510 | 1 |
_aRossijskij vestnik detskoj hirurgii, anesteziologii i reanimatologii _zint |
|
| 606 | 1 |
_aХирургия детского возраста _jПериодические издания _9956310 _3RU\NLR\AUTH\6637482 |
|
| 606 | 1 |
_aАнестезиология детского возраста _jПериодические издания _9973783 _3RU\NLR\AUTH\6646791 |
|
| 606 | 1 |
_aРеаниматология детская _jПериодические издания _91559191 _3RU\NLR\AUTH\66982267 |
|
| 686 | 1 | _aР733.45я54 | |
| 686 | 1 | _aР733.451я54 | |
| 686 | 1 | _aР733-5,33я54 | |
| 711 | 0 | 2 |
_aРоссийская ассоциация детских хирургов _9861153 _3RU\NLR\AUTH\8810182269 |
| 711 | 0 | 2 |
_aОбъединение детских анестезиологов-реаниматологов России _9583713 _3RU\NLR\AUTH\880460512 |
| 711 | 0 | 2 |
_aАссоциация детских анестезиологов-реаниматологов России _9596303 _3RU\NLR\AUTH\880467157 |
| 852 |
_aNLR _jП17/1444 |
||
| 942 | _cJOURNAL | ||
| 980 | _aRUSPER | ||